| 000 | 00527nam a22001577a 4500 | ||
|---|---|---|---|
| 999 |
_c18524 _d18524 |
||
| 008 | 231128b ||||| |||| 00| 0 eng d | ||
| 020 | _a9781647263164 | ||
| 082 |
_22023 _aDC 301 _bK413 |
||
| 100 |
_aKent, Laura. _950214 |
||
| 245 |
_aAnthropology : _btheory and practice / _cLaura Kent. |
||
| 260 |
_aNew York : _bClanrye international, _c©2023. |
||
| 300 |
_aviii, 254 pages : _bcolor illustrations ; _c25 cm. |
||
| 500 | _aIncludes bibliographical, references, and index. | ||
| 650 |
_aAnthropology. _950234 |
||
| 942 |
_2ddc _cDC |
||